| 000 | 01677nam a22004457a 4500 | ||
|---|---|---|---|
| 003 | CHAP | ||
| 005 | 20220817043038.0 | ||
| 008 | 971010s1978 r 00010 d | ||
| 010 | _a63814 | ||
| 011 | _a64786 | ||
| 035 | _a70904 | ||
| 040 | _cCHAP | ||
| 090 | _aTesis | ||
| 100 | 0 | 0 |
_aCano de la Torre, Héctor. _918392 |
| 245 | 1 | _aDeterminación de necesidades de proteína y lisina en guajolotes criollos (Meleagris gallopavo) y algunos parámetros relacionados con la incubación del huevo | |
| 260 |
_aChapingo, Méx. : _bEl autor, _c1978 |
||
| 300 | _a87 h. gráfs. | ||
| 502 | _aTesis (Ing. Agrónomo Esp. en Zootecnia) -- ENA. Departamento de Zootecnia | ||
| 590 |
_aALEPH _b10 _c20130110 _lUCH01 _h1347 |
||
| 590 |
_aBATCH-UPD _b10 _c20130110 _lUCH01 _h0002 |
||
| 590 |
_aBATCH-UPD _b10 _c20130110 _lUCH01 _h0342 |
||
| 590 |
_aBATCH-UPD _b10 _c20130110 _lUCH01 _h2040 |
||
| 590 |
_aBATCH-UPD _b10 _c20130409 _lUCH01 _h1937 |
||
| 590 |
_aBATCH-UPD _b10 _c20130410 _lUCH01 _h0133 |
||
| 590 |
_aBATCH-UPD _b10 _c20130914 _lUCH01 _h0833 |
||
| 590 |
_aCONVERSION _b10 _c20130109 _lUCH01 _h1334 |
||
| 650 | 1 | 4 |
_aHuevos _xIncubabilidad. _956747 |
| 650 | 1 | 4 | _aLisina. |
| 650 | 1 | 4 |
_aPavos _xAlimentación. _986301 |
| 650 | 1 | 4 |
_aProteínas en nutrición de aves de corral. _992455 |
| 700 | 0 |
_aCastillo Cervantes, Fernando. _920102 |
|
| 700 | 0 |
_aCórdova Gómez, P. Eugeni. _927840 |
|
| 700 | 0 |
_aEsquinca Cano, César E. _938144 |
|
| 700 | 0 |
_aVaquera Aguilar, Francisco Javier. _9117904 |
|
| 901 | _aBK | ||
| 942 | _cFOLL | ||
| 949 |
_bBC _cTES _d-138585 _eTS1 _i70904 _si |
||
| 949 |
_bBC _cTES _d-138586 _eTS2 _fc.2 _i70904 _si |
||
| 949 |
_bBC _cTES _d-138587 _eTS2 _fc.3 _h21807 _i70904 _si |
||
| 999 |
_c63814 _d63814 |
||